<?xml version="1.0" encoding="UTF-8"?>
<record
    xmlns:xsi="http://www.w3.org/2001/XMLSchema-instance"
    xsi:schemaLocation="http://www.loc.gov/MARC21/slim http://www.loc.gov/standards/marcxml/schema/MARC21slim.xsd"
    xmlns="http://www.loc.gov/MARC21/slim">

  <leader>00698nam a22001337a 4500</leader>
  <datafield tag="040" ind1=" " ind2=" ">
    <subfield code="c">RUA</subfield>
  </datafield>
  <datafield tag="082" ind1=" " ind2=" ">
    <subfield code="a">VEM MAO 2024 B1.330  Or.1</subfield>
  </datafield>
  <datafield tag="100" ind1=" " ind2=" ">
    <subfield code="a">MAO VANCHHAI, &#x1798;&#x17C9;&#x17C5; &#x179C;&#x17C9;&#x17B6;&#x1793;&#x1786;&#x17C3;</subfield>
  </datafield>
  <datafield tag="245" ind1=" " ind2=" ">
    <subfield code="a">Gastro-Intestinal parasite in Gibbon at phnom tamao zoological park, protected forest and proretum,&#x1794;&#x179A;&#x17B6;&#x179F;&#x17B7;&#x178F;&#x1780;&#x17D2;&#x1793;&#x17BB;&#x1784;&#x1780;&#x17D2;&#x179A;&#x1796;&#x17C7;&#x1796;&#x17C4;&#x17C7;&#x179C;&#x17C0;&#x1793;&#x1791;&#x17C4;&#x1785;&#x1793;&#x17C5;&#x17A7;&#x1791;&#x17D2;&#x1799;&#x17B6;&#x1793;&#x179F;&#x17BD;&#x1793;&#x179F;&#x178F;&#x17D2;&#x179C;&#x1796;&#x17D2;&#x179A;&#x17C3;&#x1780;&#x17B6;&#x179A;&#x1796;&#x17B6;&#x179A; &#x1793;&#x17B7;&#x1784;&#x179F;&#x17BD;&#x1793;&#x1797;&#x17BC;&#x178F;&#x1782;&#x17B6;&#x1798; "&#x1797;&#x17D2;&#x1793;&#x17C6;&#x178F;&#x17B6;&#x1798;&#x17C9;&#x17C5;</subfield>
  </datafield>
  <datafield tag="260" ind1=" " ind2=" ">
    <subfield code="a">PHNOM PENH</subfield>
    <subfield code="b">RUA</subfield>
    <subfield code="c">2024</subfield>
  </datafield>
  <datafield tag="300" ind1=" " ind2=" ">
    <subfield code="a">ix,</subfield>
    <subfield code="b">ill,</subfield>
    <subfield code="c">29cm,</subfield>
  </datafield>
  <datafield tag="856" ind1=" " ind2=" ">
    <subfield code="u">https://drive.google.com/file/d/1MWgZ-rCcixu4SiMc3G20L-e8jgUAxVjo/view?usp=sharing</subfield>
  </datafield>
  <datafield tag="942" ind1=" " ind2=" ">
    <subfield code="c">VEM</subfield>
  </datafield>
  <datafield tag="999" ind1=" " ind2=" ">
    <subfield code="c">24777</subfield>
    <subfield code="d">24777</subfield>
  </datafield>
  <datafield tag="952" ind1=" " ind2=" ">
    <subfield code="0">0</subfield>
    <subfield code="1">0</subfield>
    <subfield code="4">0</subfield>
    <subfield code="6">VEM_MAO_2024_000000000000000_B1_330_OR_1</subfield>
    <subfield code="7">0</subfield>
    <subfield code="9">104409</subfield>
    <subfield code="a">LBB</subfield>
    <subfield code="b">LBB</subfield>
    <subfield code="c">B1.330</subfield>
    <subfield code="d">2025-04-30</subfield>
    <subfield code="o">VEM MAO 2024 B1.330  Or.1</subfield>
    <subfield code="p">A082924</subfield>
    <subfield code="r">2025-04-30</subfield>
    <subfield code="y">VEM</subfield>
  </datafield>
  <datafield tag="952" ind1=" " ind2=" ">
    <subfield code="0">0</subfield>
    <subfield code="1">0</subfield>
    <subfield code="4">0</subfield>
    <subfield code="6">VEM_MAO_2024_000000000000000_B1_330_OR_2</subfield>
    <subfield code="7">0</subfield>
    <subfield code="9">104410</subfield>
    <subfield code="a">LBB</subfield>
    <subfield code="b">LBB</subfield>
    <subfield code="c">B1.330</subfield>
    <subfield code="d">2025-04-30</subfield>
    <subfield code="o">VEM MAO 2024 B1.330  Or.2</subfield>
    <subfield code="p">A083324</subfield>
    <subfield code="r">2025-04-30</subfield>
    <subfield code="y">VEM</subfield>
  </datafield>
</record>
